Rubber-or plastics-coated fabrics- Determination of roll chracteristics. Part 2: Methods for determination of total mass per unit area, mass per unit area of coating and mass per unit area of substrate (Record no. 74083)

MARC details
000 -LEADER
fixed length control field 00620nam a2200133Ia 4500
245 #0 - TITLE STATEMENT
Title Rubber-or plastics-coated fabrics- Determination of roll chracteristics. Part 2: Methods for determination of total mass per unit area, mass per unit area of coating and mass per unit area of substrate
260 ## - PUBLICATION, DISTRIBUTION, ETC. (IMPRINT)
Place of publication Geneva, Switzerland
260 ## - PUBLICATION, DISTRIBUTION, ETC. (IMPRINT)
Year of publication 1998
Name of publisher International Organization for Standardization
490 ## - SERIES STATEMENT
Series statement International Standard
500 ## - GENERAL NOTE
General note Standard number: ISO 2286-2 (For BIS use only-not original copy)
650 ## - SUBJECT ADDED ENTRY--TOPICAL TERM
Topical Term Rubber-or plastics-coated fabrics
942 ## - ADDED ENTRY ELEMENTS (KOHA)
Koha item type Standards
Holdings
Withdrawn status Lost status Damaged status Not for loan Home library Current library Date acquired Koha item type
      Standards RRII Library RRII Library 31/12/2021 Standards